| 000 | 00862nam a2200253 i 4500 | ||
|---|---|---|---|
| 001 | bg | ||
| 245 | 0 | 0 |
_aKlett Basiswörterbuch : _b[słownik niemiecko-polski z indeksem polsko-niemieckim / _czesp. aut. Magdalena Komorowska et al.]. |
| 260 |
_aPoznań : _b"LektorKlett", _c2003. |
||
| 300 |
_aXII, 664 s. : _bil. ; _c19 cm. |
||
| 490 | 1 | _aPons | |
| 500 | _aNa okł. podtyt: "zum neuen Zertifikat Deutsch". | ||
| 650 | 9 | _aSłownik niemiecko-polski | |
| 650 | 9 | _aSłownik polsko-niemiecki | |
| 700 | 1 | _aKOMOROWSKA, Magdalena | |
| 830 | _aPons | ||
| 020 | _a8388894463 | ||
| 040 | _cBPK | ||
| 041 | 0 | _agerpol | |
| 080 | _a811.112.2:811.162.1]'374 | ||
| 920 | _a83-88894-46-3 | ||
| 942 | _cKS | ||
| 008 | s pl f |000 0 pol | ||
| 999 |
_c45846 _d45846 |
||